000 00452nam a2200169Ia 4500
003 LK-CoDNM
008 010623t1971 xxu||||| |||| 00| 1 eng d
040 _aLK-CoDNM
_dLK-CoDNM
_eLK-CoDNM
041 _aeng
080 _a712(54)
_bBRO
100 _aBrown, Percy
245 _aIndian Architecture : Buddhist hindu periods
260 _bD.B.Taraporevala sons Co. Ltd
_aBombay
_c1971
300 _b216, 29 cm
650 _aArchitecture
942 _cBK
999 _c108435
_d108435